| 000 | 00676nam a22002417a 4500 | ||
|---|---|---|---|
| 003 | UA-OsUOA | ||
| 001 | 27288 | ||
| 007 | ta | ||
| 008 | 20040623b un ||||| |||| 00| 0 ukr d | ||
| 090 |
_a008(091) _bК90 |
||
| 942 | _cBK | ||
| 040 |
_aUA-OsUOA _brus _cUA-OsUOA _dUA-OsUOA |
||
| 245 |
_aКультура и общественная мысль _bАнтичность.Средние века.Эпоха Возрождения _cРед. Е.С.Голубцова |
||
| 300 | _a248 с. | ||
| 955 | _a0 | ||
| 041 | _arus | ||
| 080 | _a008(091) | ||
| 020 | _a5-92-008921-4 | ||
| 260 |
_aМосква _bНаука _c1988 |
||
| 044 | _aRU | ||
| 650 | 7 | _2UDC | |
| 999 |
_c313632 _d313632 |
||